| 000 | 00350nam a22001337a 4500 | ||
|---|---|---|---|
| 008 | 171228b xxu||||| |||| 00| 0 eng d | ||
| 020 | _a9780314162069 | ||
| 041 | _aeng | ||
| 080 | _a34 | ||
| 100 | _a14 | ||
| 101 | _aJUR | ||
| 245 |
_aCONSTITUTIONAL LAW THE AMERICAN CONSTITUTION CONSTITUTIONAL RIGHTS AND LIBERTIES _cCHOPER.J,H |
||
| 942 |
_2udc _cBK |
||
| 999 |
_c39571 _d39571 |
||